000 00673nam a2200301Ia 4500
005 20260401122131.0
008 008 250103s9999 xx 000 0 eng d
020 _a8120803868
037 _aTB
040 _aEDL
040 _beng
040 _cEDL
041 _2eng
041 _aeng
084 _a294.51
084 _qEDL
100 _aO'Flaherly, Wendy Doniger
_91232690
245 0 _aOrigins of Evil in Hindu Mythology
245 0 _cO'Flaherly, Wendy Doniger
260 _aDelhi
260 _bMotilal Banarsidass
260 _c1988
300 _a411p
942 _cTB
942 _h294.51
999 _c1845141
_d1845141